| 000 | 00909nam a22002417a 4500 | ||
|---|---|---|---|
| 005 | 20191224042339.0 | ||
| 008 | 171009t2014 ck ado|fr|||| 00| 0 spa d | ||
| 040 |
_aCO-BoIAVH _cCO-BoIAVH |
||
| 041 | 0 | _aspa | |
| 044 | _ack | ||
| 082 | 0 | 4 |
_a634.99 _bF22a |
| 100 | 1 |
_aFarfán Valencia , Fernando _eautor |
|
| 245 | 1 | 0 |
_aÁrboles con potencial para ser incorporados en sistemas agroforestales con café / _cFernando Farfán Valencia |
| 260 |
_aManizales : _bFNC-Cenicafé, _c2014. |
||
| 300 |
_a87 páginas : _bilustraciones a color, tablas, fotografías a color ; _c24 x 17 cm. |
||
| 504 | _aIncluye referencias bibliográficas: 80-87 paginas. | ||
| 650 | 1 | 6 | _aSistemas agroforestales |
| 650 | 2 | 6 | _aRecursos forestales |
| 650 | 2 | 6 |
_aCafé _vÁrboles |
| 650 | 2 | 6 | _aExplotaciones agrarias |
| 700 | 1 |
_aMarín López, Sandra Milena _eeditora |
|
| 942 |
_2ddc _cLIBRO |
||
| 999 |
_c19927 _d19927 |
||